<?xml version="1.0" encoding="UTF-8"?>
<marc:record xmlns:marc="http://www.loc.gov/MARC21/slim">
   <marc:leader>00000nam a2200000 a 4500</marc:leader>
   <marc:datafield ind1="1" ind2=" " tag="100">
      <marc:subfield code="a">Miller, Arthur</marc:subfield>
      <marc:subfield code="4">aut</marc:subfield>
      <marc:subfield code="e">Verfasser/-in</marc:subfield>
   </marc:datafield>
   <marc:datafield ind1="0" ind2="0" tag="245">
      <marc:subfield code="a">Death of a Salesman</marc:subfield>
   </marc:datafield>
   <marc:datafield ind1="0" ind2="0" tag="245">
      <marc:subfield code="c">Arthur Miller</marc:subfield>
   </marc:datafield>
   <marc:datafield ind1=" " ind2="1" tag="264">
      <marc:subfield code="a">London</marc:subfield>
      <marc:subfield code="b">Penguin Books</marc:subfield>
      <marc:subfield code="c">2000</marc:subfield>
   </marc:datafield>
   <marc:datafield ind1="1" ind2=" " tag="520">
      <marc:subfield code="a">Das Scheitern des Handelsvertreters Willy Loman an einem inhumanen Wirtschaftssystem sowie an seiner persönlichen Lebenslüge steht heute für das Scheitern einer Gesellschaftsordnung. Die Orientierungslosigkeit einer ganzen Kultur, die ihres Glaubens an einen ewigen Fortschritt beraubt ist und der es verwehrt bleibt, an Traditionen und Lebensmodelle früherer Zeiten anzuknüpfen, spiegelt sich im Schicksal Willy Lomans und seiner Familie. Die Absurdität des Selbstmordes von Loman, der den Schein eines Glücks zu retten versucht, und ein einziges Mal zu sich selbst findet, indem er sich auslöscht, ist zu verstehen als Appell an den einzelnen und die Gesellschaft, sinnvolle Wertordnungen und humane Lebensformen zu entwickeln.</marc:subfield>
   </marc:datafield>
   <marc:datafield ind1=" " ind2=" " tag="020">
      <marc:subfield code="a">9780141182742</marc:subfield>
      <marc:subfield code="9">9780141182742</marc:subfield>
   </marc:datafield>
   <marc:datafield ind1=" " ind2=" " tag="020">
      <marc:subfield code="a">0141182741</marc:subfield>
      <marc:subfield code="9">0141182741</marc:subfield>
   </marc:datafield>
   <marc:datafield ind1=" " ind2=" " tag="300">
      <marc:subfield code="a">112 S.</marc:subfield>
   </marc:datafield>
</marc:record>
